01149nam a2200193Ia 4500001000900000003001000009008004100019040002500060041001300085100001200098245007700110250001100187260006700198300001300265500026000278501011400538520026000652650004300912L103-583IT-CnALBA170116s9999||||xx |||||||||||||| ||und|| aIT-CnALBAcIT-CnALBA aITALIANO aAA. VV. 0aGRANDE ANTOLOGIA FILOSOFICA VOL. VI PENSIERO DELLA RINASCENZA E RIFORMA  a1a ed. a MILANO - COMObMARZORATI CARLO EDITORE c1964 [1° Ed.: n.d.] a1530 p.  aDIREZIONE SCIACCA M. FEDERICO. COORDINATORI: MOSCHETTI A. SCHIAVON M. PRESENTAZIONE. BIBLIOGRAFIA. UMANESIMO E RINASCIMENTO. RIFORMA PROTESTANTE. CONTRORIFORMA CATTOLICA. PETRARCA FILOSOFO. IL PLATONISMO NEL RINASCIMENTO. ARISTOTELISMO. EPICUREISMO NEL PE aSocietà San Paolo EM - Piazza San Paolo, 14 - 12051 ALBA (CN) (non commercial uses only) ® Copyright 2017 aDIREZIONE SCIACCA M. FEDERICO. COORDINATORI: MOSCHETTI A. SCHIAVON M. PRESENTAZIONE. BIBLIOGRAFIA. UMANESIMO E RINASCIMENTO. RIFORMA PROTESTANTE. CONTRORIFORMA CATTOLICA. PETRARCA FILOSOFO. IL PLATONISMO NEL RINASCIMENTO. ARISTOTELISMO. EPICUREISMO NEL PE aDIZIONARI ED ENCICLOPEDIE DI FILOSOFIA